[Event "TUR-chT2"]
[Site "Konya"]
[Date "2018.07.14"]
[Round "8.14"]
[White "Yilmaz, Yigit Emre"]
[Black "Ince, Eray"]
[Result "1-0"]
[WhiteElo "1418"]
[BlackElo "1301"]
[PlyCount "85"]
[EventDate "2018.07.10"]
[EventType "team-swiss"]
[EventRounds "9"]
[EventCountry "TUR"]
[SourceTitle "EXT 2019"]
[Source "ChessBase"]
[SourceDate "2018.10.10"]
[SourceVersion "1"]
[SourceVersionDate "2018.10.10"]
[SourceQuality "1"]
[WhiteTeam "Istanbul Kartal Belediye"]
[BlackTeam "Antalya Deniz Genclik"]
[WhiteTeamCountry "TUR"]
[BlackTeamCountry "TUR"]

1. d4 g6 2. e4 Bg7 3. Bc4 d6 4. c3 Nf6 5. Nd2 0-0 6. Ngf3 Nc6 7. 0-0 e5 8. Re1 Bg4 9. h3 Bxf3 10. Nxf3 h6 11. d5 Ne7 12. Bd3 Nd7 13. Nh2 Kh7 14. c4 a5 15. Rb1 Nc5 16. Bc2 f5 17. f3 f4 18. a3 a4 19. Bd2 Qe8 20. Bb4 b6 21. Nf1 g5 22. Nd2 Ng8 23. Rc1 Nf6 24. Nb1 h5 25. Bxc5 bxc5 26. Nc3 Qg6 27. Bxa4 g4 28. h4 gxf3 29. Qxf3 Ng4 30. Bd7 Ne3 31. Nd1 Rad8 32. Be6 Bh6 33. Nxe3 fxe3 34. Bf5 Rxf5 35. Qxf5 Qxf5 36. exf5 Rf8 37. Rc2 Rxf5 38. Rf1 Rf4 39. Rxf4 exf4 40. a4 Kg6 41. a5 Kf5 42. Kf1 Ke4 43. Ke2 1-0

[Event "TUR-chT2"]
[Site "Konya"]
[Date "2018.07.12"]
[Round "5.20"]
[White "Yilmaz, Yigit Emre"]
[Black "Adas, Anil"]
[Result "0-1"]
[WhiteElo "1418"]
[BlackElo "1562"]
[PlyCount "86"]
[EventDate "2018.07.10"]
[EventType "team-swiss"]
[EventRounds "9"]
[EventCountry "TUR"]
[SourceTitle "EXT 2019"]
[Source "ChessBase"]
[SourceDate "2018.10.10"]
[SourceVersion "1"]
[SourceVersionDate "2018.10.10"]
[SourceQuality "1"]
[WhiteTeam "Istanbul Kartal Belediye"]
[BlackTeam "Osmaniye Kadirli Savrun"]
[WhiteTeamCountry "TUR"]
[BlackTeamCountry "TUR"]

1. d4 b6 2. e4 Bb7 3. Bd3 e6 4. Nf3 g6 5. Bf4 Bg7 6. c3 Ne7 7. Nbd2 d5 8. e5 c5 9. 0-0 Nbc6 10. Be3 cxd4 11. cxd4 Nf5 12. Rc1 0-0 13. Bb5 Rc8 14. a3 a6 15. Bd3 f6 16. Bxf5 exf5 17. exf6 Bxf6 18. Nb3 a5 19. a4 Ba6 20. Re1 Nb4 21. Rc3 Rxc3 22. bxc3 Nd3 23. Re2 Qd7 24. Ra2 Rc8 25. Bd2 Bc4 26. Ne1 Nxe1 27. Bxe1 Be7 28. Ra1 Bd6 29. Nd2 Qe8 30. Nxc4 Rxc4 31. Bd2 b5 32. axb5 Qxb5 33. Qb1 Ra4 34. Qxb5 Rxa1+ 35. Qf1 Bxh2+ 36. Kxh2 Rxf1 37. Kg3 a4 38. c4 dxc4 39. Bc3 a3 40. d5 a2 41. d6 a1Q 42. Bxa1 Rxa1 43. d7 Rd1 0-1